000 00682nam a2200289Ia 4500
005 20260324141908.0
008 008 260324s9999 xx 000 0 eng d
020 _a9780429495861
037 _aEBOOK
040 _aCRL
040 _beng
040 _cCRL
041 _2eng
041 _aeng
084 _qCRL
100 _aThomas Christiano
_91209920
245 4 _aThe Rule Of The Many
245 0 _bFundamental Issues In Democratic Theory
260 _bTaylor and Francis
260 _c1996
365 _a
365 _b230
856 _uhttp://www.taylorfrancis.com/books/9780429495861
942 _cEBOOK
999 _c1813498
_d1813498